|
|
|
|
| LEADER |
00000cam a2200000 a 4500 |
| 001 |
26520 |
| 005 |
20230720062549.0 |
| 008 |
950041|1959 ||||||||r|||||||||||spa|| |
| 040 |
|
|
|b spa
|
| 041 |
1 |
|
|a spa
|
| 082 |
0 |
|
|a 304
|
| 100 |
1 |
|
|a Pérez Guerrero, Alfredo.
|d 1901-1966
|9 8669
|
| 245 |
|
|
|a La aventura del espíritu
|c Alfredo Pérez Guerrero
|h imp
|
| 264 |
|
|
|a Quito
|b Imprenta de la Universitaria
|c 1959
|
| 300 |
|
|
|a 334 páginas:
|c 22 cm
|
| 504 |
|
|
|a incl. ref.
|
| 650 |
|
|
|a Ensayo sociologico
|9 8804
|
| 852 |
|
|
|a UC-CDJBV
|c ESTANTERIA CERRADA
|f Donación
|k margarita.gutierrez
|l 1
|m General
|p 19500414
|q 20,00
|r 2
|t 26520
|b 0
|d CDRC
|e CDRC
|g 304 ESTANTERIA CERRADA
|z 1950-00-41
|
| 942 |
|
|
|c BK
|
| 999 |
|
|
|c 4181
|d 4181
|